LIBRARY & INFORMATION CENTRE, KCAET, TAVANUR

ONLINE PUBLIC ACCESS CATALOGUE (OPAC)

Economics, Marketing and Sales of Agricultural Products (Record no. 14667)

MARC details
000 -LEADER
fixed length control field 00337nam a22001217a 4500
020 ## - INTERNATIONAL STANDARD BOOK NUMBER
ISBN 9789381450659
082 ## - DEWEY DECIMAL CLASSIFICATION NUMBER
Classification number 381.410954
Item number SHA/EC
100 ## - MAIN ENTRY--AUTHOR NAME
Personal name Shailendra Nath,Thakur
245 ## - TITLE STATEMENT
Title Economics, Marketing and Sales of Agricultural Products
260 ## - PUBLICATION, DISTRIBUTION, ETC. (IMPRINT)
Place of publication New Delhi
Name of publisher New India Publishing Agency
Year of publication 2013
300 ## - PHYSICAL DESCRIPTION
Number of Pages 341
942 ## - ADDED ENTRY ELEMENTS (KOHA)
Koha item type Books
Holdings
Withdrawn status Lost status Damaged status Collection code Home library Current library Shelving location Date acquired Source of acquisition Cost, normal purchase price Full call number Accession Number Koha item type
        KAUAET KAUAET General Stacks 25/07/2016 Southern Book Star, Tvm. 1280.00 381.410954 SHA/EC 24896 Books
free website counter